000 02889nam a22002657a 4500
001 216219220
003 UA-OsUOA
005 20210118135844.0
008 200909b un ||||| m||| 00| 0 ukr d
040 _aUA-OsUOA
_bukr
_cUA-OsUOA
_dUA-OsUOA
041 _aukr
080 _a347.45/.47
090 _a347.45/.47
095 _a12.00.03
_bцивільне право і цивільний процес; сімейне право; міжнародне приватне право
100 _aВеликорода О. М.
245 _aДоговір довічного утримання
_cВеликорода Олександр Михайлович ; наук. керівник Гвоздик Павло Олександрович
260 _aКиїв
_c2006
300 _a24 с.
502 _6Автореферат дисертації на здобуття наукового ступеня кандидата юридичних наук
_cНДІ приватного права і підприємництва
_d2006
520 _aДисертацію присвячено комплексному дослідженню договору довічного утримання (догляду). В ній розглядаються питання розвитку інституту довічного утримання в Україні, його регулювання в законодавстві інших держав. Проаналізовано юридичну природу договору довічного утримання (догляду) та його елементи, а також розглянуто основні різновиди правовідносин по довічному утриманню. Значна увага приділяється дослідженню змісту вищезгаданого правочину, розкриваються способи забезпечення виконання цього договору та відповідальність за порушення його умов. Аналізуються підстави припинення договору довічного утримання (догляд), в тому числі і розірвання, а також ситуації, коли даний правочин є (може бути визнаний) недійсним та наслідки цього. Сформульовано низку пропозицій щодо вдосконалення чинного законодавства, яке регулює інститут довічного утримання (догляду).
650 _2UDC
_a347 Цивільне право
942 _2udc
_cAR
955 _a1
999 _c463213
_d463213